Vysokohorská ubytovňa

Gespeichert in:
Bibliographische Detailangaben
1. Verfasser: Pálinkás, Andrej (Verfasst von)
Weitere Verfasser: Palko, Milan (Betreuung Doktorarbeit)
Format: Manuskript Buch
Sprache:Slowakisch
Veröffentlicht: 2016
Schlagworte:
Online-Zugang:http://is.stuba.sk/zp/portal_zp.pl?podrobnosti=117653
https://opac.crzp.sk/?fn=detailBiblioForm&sid=41728D440EB1EF629E11138922FE
Tags: Tag hinzufügen
Keine Tags, Fügen Sie das erste Tag hinzu!

MARC

LEADER 00000ntm a22000003a 4500
001 stuzp57157
003 SK-STU
005 20231003122449.2
007 ta
008 150427s2015----xo-----f-mn---000-0-slo-d
040 |a STU  |b slo 
041 0 |a slo 
100 1 |a Pálinkás, Andrej  |u 010180  |4 aut  |U SvF Stavebná fakulta  |T SvF Katedra konštrukcií pozemných stavieb  |X 7689  |U V180  |Y 18  |7 A000007689 
242 0 1 |a High mountain hostel  |y eng 
245 1 0 |a Vysokohorská ubytovňa 
260 |c 2016 
650 4 |a drevostavba  |2 slo 
650 4 |a energetická efektívnosť  |2 slo 
650 4 |a nízkoenergetická budova  |2 slo 
650 4 |a energy efficiency  |2 eng 
650 4 |a wooden construction  |2 eng 
650 4 |a low energy building  |2 eng 
700 1 |a Palko, Milan  |u 010180  |k Z1  |4 ths  |U SvF Stavebná fakulta  |T SvF Katedra konštrukcií pozemných stavieb  |X 2552  |U V180  |Y 18  |7 A000002552 
856 4 |u http://is.stuba.sk/zp/portal_zp.pl?podrobnosti=117653 
856 4 |u https://opac.crzp.sk/?fn=detailBiblioForm&sid=41728D440EB1EF629E11138922FE 
SQL |a stuzp57157  |b DDP  |c SLO  |d Vysokohorská ubytovňa  |e 7689  |f Pálinkás, Andrej  |g 010180  |h 2552  |i Palko, Milan  |j 20160615  |k 8  |l 01  |m http://is.stuba.sk/zp/portal_zp.pl?podrobnosti=117653  |n I-AKP  |o 5.1.4. pozemné stavby